00997nas a2200253 a 4500001001000000003000900010005001700019008004100036040003000077043000900107222001400116245004800130260009500178300001800273310001200291362004900303500006400352650005800416651005600474651008100530710010000611942001500711999001700726000037416DO-SdBNP20260306140937.0120409c19419999dr mr1p d 0 0spa d aDO-SdBNPbspacBNPHUerda anwdr 2aBoletín00aImportación de la República Dominicana. aSanto Domingo :bDirección General de Estadística, Sección de Publicaciones.,c1941. av.- ;c28 cm. aMensual1 aInicia con: Año.1: no. 11 (noviembre, 1941 aCatalogación basada en: Año.1: no. 11 (noviembre, 1941) 0aComercio exteriorvPublicaciones periódicas 963855 4aRepública DominicanaxPolítica Económica9643 4aRepública DominicanaxComercio ExteriorvPUBLICACIONES PERIÓDICAS9638562 aRepública Dominicana. Dirección General de EstadísticabSección de Publicaciones963857 2ddccISSUE c36906d36906